Michael Jackson's Thriller songs album - Statistics

General Stats
  • This quiz has been taken 399 times
  • The average score is 8 of 9
Answer Stats
Number Song % Correct
4 Thriller
99%
6 Billie Jean
96%
5 Beat It
95%
3 The Girl Is Mine (with Paul Mac Cartney)
88%
8 P.Y.T. (Pretty Young Thing)
87%
7 Human Nature
85%
1 Wanna Be Startin' Somethin'
84%
2 Baby Be Mine
75%
9 The Lady In My Life
72%
No matching quizzes found
Score Distribution
Percent of People with Each Score
Percentile by Number Answered
Your Score History
You have not taken this quiz